| 000 | 00000cam 2200000zi 4500 |
| 001 | 9.961847 |
| 003 | CaOODSP |
| 005 | 20260603160808 |
| 006 | m o d f |
| 007 | cr cn |||||||| |
| 008 | 260413t20262026onc o f000 0 eng d |
| 020 | |a9780660995069 |
| 040 | |aCaOODSP|beng|erda|cCaOODSP |
| 043 | |an-cn--- |
| 086 | 1 |aBT48-60/2026E-PDF |
| 245 | 00|aRoadmap to scale AI projects in the public sector. |
| 264 | 1|aOttawa, Ontario : |bTreasury Board of Canada Secretariat = Secrétariat du Conseil du trésor du Canada, |c2026. |
| 264 | 4|c©2026 |
| 300 | |a1 online resource (13 pages) |
| 336 | |atext|btxt|2rdacontent |
| 337 | |acomputer|bc|2rdamedia |
| 338 | |aonline resource|bcr|2rdacarrier |
| 500 | |aIssued also in French under title: Feuille de route pour le déploiement à grande échelle des projets d'IA dans le secteur public. |
| 500 | |a"Published: 2026-03-30." |
| 650 | 0|aArtificial intelligence|xGovernment policy|zCanada. |
| 710 | 1 |aCanada. |bTreasury Board, |eissuing body. |
| 775 | 08|tFeuille de route pour le déploiement à grande échelle des projets d'IA dans le secteur public.|w(CaOODSP)9.961846 |
| 856 | 40|qPDF|s887 KB|uhttps://publications.gc.ca/collections/collection_2026/sct-tbs/BT48-60-2026-eng.pdf |
| 856 | 4 |qHTML|sN/A|uhttps://www.canada.ca/en/government/system/digital-government/digital-government-innovations/responsible-use-ai/g7-ai-challenge/roadmap-scale-ai-projects-public-sector.html |